Psiquiatría infantil : (Record no. 175194)

MARC details
000 -LEADER
campo de control de longitud fija 00976nam a22002175i 4500
001 - NÚMERO DE CONTROL
campo de control 175194
003 - IDENTIFICADOR DE NÚMERO DE CONTROL
campo de control ES-MaACL
005 - FECHA Y HORA DE LA ÚLTIMA TRANSACCIÓN
campo de control 20250822040307.0
008 - DATOS DE LONGITUD FIJA--INFORMACIÓN GENERAL
campo de control de longitud fija 101013s1968 sp |||| | spa d
080 ## - NÚMERO DE LA CLASIFICACIÓN DECIMAL UNIVERSAL
Número de la Clasificación Decimal Universal 159.922.7
100 1# - ENTRADA PRINCIPAL--NOMBRE DE PERSONA
Nombre de persona Lutz, Jakob.
9 (RLIN) 143586
245 10 - MENCIÓN DEL TÍTULO
Título Psiquiatría infantil :
Resto del título introducción a su estudio y praxis : obra destinada a médicos, educadores, asistentes sociales y jueces de menores, con atención especial a los problemas de la pedagogía terapéutica /
Mención de responsabilidad, etc. Jakob Lutz ; con la colaboración de Hedwig Walder ... [et al.] ; versión española de Carlota Romero.
260 ## - PUBLICACIÓN, DISTRIBUCIÓN, ETC.
Lugar de publicación, distribución, etc. Madrid :
Nombre del editor, distribuidor, etc. Gredos,
Fecha de publicación, distribución, etc. [1968]
300 ## - DESCRIPCIÓN FÍSICA
Extensión 390 p. ;
Dimensiones 24 cm.
490 1# - MENCIÓN DE SERIE
Mención de serie Biblioteca de psicología y psicoterapia ;
Designación de volumen o secuencia 12
650 #7 - PUNTO DE ACCESO ADICIONAL DE MATERIA--TÉRMINO DE MATERIA
Término de materia o nombre geográfico como elemento de entrada Psiquiatría infantil
Fuente del encabezamiento o término embne
9 (RLIN) 16595
700 1# - ENTRADA AGREGADA--NOMBRE PERSONAL
Nombre de persona Romero, Carlota.
9 (RLIN) 99309
830 10 - PUNTO DE ACCESO ADICIONAL DE SERIE-TÍTULO UNIFORME
Título uniforme Biblioteca de psicología y psicoterapia
Designación de volumen o secuencia 12
9 (RLIN) 189553
852 4# - LOCALIZACIÓN
Ubicación ES-MaACL
Número de control de estantería E-13367
Encuadernación Olim P-527-Ter
Holdings
Estatus retirado Estado de pérdida Estado de daño No para préstamo Biblioteca de origen Biblioteca actual Ubicación en estantería Fecha de adquisición Fuente de adquisición Total de préstamos Signatura topográfica completa Código de barras Visto por última vez Precio de reemplazo Tipo de ítem Koha
        Biblioteca del Ateneo de Madrid Biblioteca del Ateneo de Madrid Depósito 2 13/10/2010     E-13367 1183956 23/02/2023 23/02/2023 Libro impreso